|
|
|
|
| LEADER |
00000cam a22000004a 4500 |
| 001 |
musev2_4060 |
| 003 |
MdBmJHUP |
| 005 |
20230905040511.0 |
| 006 |
m o d |
| 007 |
cr||||||||nn|n |
| 008 |
020823s2003 txu o 00 0 eng d |
| 010 |
|
|
|z 2002013492
|
| 020 |
|
|
|a 9781603446754
|
| 020 |
|
|
|z 1585442100
|
| 020 |
|
|
|z 1603446753
|
| 020 |
|
|
|z 9781585442102
|
| 035 |
|
|
|a (OCoLC)842997044
|
| 040 |
|
|
|a MdBmJHUP
|c MdBmJHUP
|
| 043 |
|
|
|a e-fr---
|
| 050 |
0 |
4 |
|a D640.P384
|b A3 2003
|
| 082 |
0 |
|
|a 940.4/144/092
|a B
|2 21
|
| 100 |
1 |
|
|a Pellissier, Robert E.
|q (Robert Edouard),
|d 1882-1916.
|
| 245 |
1 |
2 |
|a A Good Idea of Hell :
|b Letters from a Chasseur à Pied /
|c Joshua Brown, editor ; foreword by Leonard V. Smith.
|
| 250 |
|
|
|a 1st ed.
|
| 264 |
|
1 |
|a College Station :
|b Texas A&M University Press,
|c 2003.
|
| 264 |
|
3 |
|a Baltimore, Md. :
|b Project MUSE,
|c 2012
|
| 264 |
|
4 |
|c ©2003.
|
| 300 |
|
|
|a 1 online resource (256 pages):
|b ill., maps ;
|
| 336 |
|
|
|a text
|b txt
|2 rdacontent
|
| 337 |
|
|
|a computer
|b c
|2 rdamedia
|
| 338 |
|
|
|a online resource
|b cr
|2 rdacarrier
|
| 504 |
|
|
|a Includes bibliographical references and index.
|
| 588 |
|
|
|a Description based on print version record.
|
| 600 |
1 |
0 |
|a Pellissier, Robert E.
|q (Robert Edouard),
|d 1882-1916
|v Correspondence.
|
| 650 |
|
0 |
|a World War, 1914-1918
|x Campaigns
|z Western Front
|v Personal narratives.
|
| 650 |
|
0 |
|a World War, 1914-1918
|v Personal narratives, French.
|
| 610 |
1 |
0 |
|a France.
|b Armee
|x Non-commissioned officers
|v Correspondence.
|
| 655 |
|
7 |
|a Electronic books.
|2 local
|
| 700 |
1 |
|
|a Brown, Joshua,
|d 1956-
|
| 710 |
2 |
|
|a Project Muse.
|e distributor
|
| 830 |
|
0 |
|a Book collections on Project MUSE.
|
| 856 |
4 |
0 |
|z Texto completo
|u https://projectmuse.uam.elogim.com/book/4060/
|
| 945 |
|
|
|a Project MUSE - Custom Collection
|
| 945 |
|
|
|a Project MUSE - Archive Complete Foundation
|
| 945 |
|
|
|a Project MUSE - Archive History Foundation
|